The Three Musketeers / (Record no. 5281)
[ view plain ]
| 000 -LEADER | |
|---|---|
| fixed length control field | 01087nam a22002897a 4500 |
| 001 - CONTROL NUMBER | |
| control field | 5281 |
| 003 - CONTROL NUMBER IDENTIFIER | |
| control field | FISKH |
| 005 - DATE AND TIME OF LATEST TRANSACTION | |
| control field | 20241122141144.0 |
| 008 - FIXED-LENGTH DATA ELEMENTS--GENERAL INFORMATION | |
| fixed length control field | 241122b cb ||||| |||| 00| 0 eng d |
| 020 ## - INTERNATIONAL STANDARD BOOK NUMBER | |
| International Standard Book Number | 090129003990 |
| 040 ## - CATALOGING SOURCE | |
| Original cataloging agency | FISKH |
| Language of cataloging | eng |
| Transcribing agency | FISKH |
| Modifying agency | FISKH |
| 050 ## - LIBRARY OF CONGRESS CALL NUMBER | |
| Classification number | PQ2228 |
| 082 ## - DEWEY DECIMAL CLASSIFICATION NUMBER | |
| Classification number | 843.7 |
| 100 ## - MAIN ENTRY--PERSONAL NAME | |
| Personal name | Dumas, Alexandre |
| 245 ## - TITLE STATEMENT | |
| Title | The Three Musketeers / |
| Statement of responsibility, etc. | by Alexandre Dumas : Adapted by Deborah Felder |
| 260 ## - PUBLICATION, DISTRIBUTION, ETC. | |
| Place of publication, distribution, etc. | New York : |
| Name of publisher, distributor, etc. | Random House ; |
| Date of publication, distribution, etc. | 1994 . |
| 300 ## - PHYSICAL DESCRIPTION | |
| Extent | 107 pages : |
| Other physical details | illustrations ; |
| Dimensions | 20 cm . |
| 505 ## - FORMATTED CONTENTS NOTE | |
| Formatted contents note | Z <br/> |
| 520 ## - SUMMARY, ETC. | |
| Summary, etc. | The Three Musketeers follows the young d'Artagnan in his quest to become a musketeer. He befriends the three musketeers Athos, Porthos and Aramis, whose motto is "all for one, one for all."<br/><br/>The novel is the first in Dumas' d'Artagnan Romances trilogy. |
| 521 8# - TARGET AUDIENCE NOTE | |
| Target audience note | 990 <br/> |
| Source | Lexile <br/> |
| 521 8# - TARGET AUDIENCE NOTE | |
| Target audience note | Z <br/> |
| Source | Raz-Plus <br/> |
| 650 ## - SUBJECT ADDED ENTRY--TOPICAL TERM | |
| Topical term or geographic name entry element | France-History-Louis XIII |
| Form subdivision | Juvenile fiction |
| 650 ## - SUBJECT ADDED ENTRY--TOPICAL TERM | |
| Topical term or geographic name entry element | Adventures and adventures |
| Form subdivision | Fiction |
| 700 ## - ADDED ENTRY--PERSONAL NAME | |
| Personal name | Allen, Philip Schuyler |
| Relator term | translator |
| 942 ## - ADDED ENTRY ELEMENTS (KOHA) | |
| Source of classification or shelving scheme | Dewey Decimal Classification |
| Koha item type | Books |
| Suppress in OPAC | No |
| Withdrawn status | Lost status | Source of classification or shelving scheme | Damaged status | Not for loan | Collection | Home library | Current library | Shelving location | Date acquired | Total Checkouts | Full call number | Barcode | Date last seen | Price effective from | Koha item type |
|---|---|---|---|---|---|---|---|---|---|---|---|---|---|---|---|
| Dewey Decimal Classification | Fiction | Footprints International School Library Network Toul Kork Campus | Footprints International School Library Network Toul Kork Campus | TTP Secondary Fiction Bookshelves | 11/22/2024 | DUM 843.7 PQ2228 | FIS00169 | 11/22/2024 | 11/22/2024 | Books |
